000
00280nam a2200121Ia 4500
008
190216s9999||||xx |||||||||||||| ||und||
100
_a
Kakani Sl & Hemrajani C
245
0
_a
Mechanics
260
_b
Viva Book
_c
2009
300
_a
606
650
_a
Physics
942
_c
BK
999
_c
34250
_d
34250